00379nam a22001337a 450000500170000000800410001704100130005808200130007110000130008424500450009726000450014230000320018765000260021920240425082615.0240425b |||||||| |||| 00| 0 eng d aEnglish  a349 LAW  lEnglish  aThe Law Reports : King's Bench Division  aLondon: bLincoln's Inn, c1909 - Vol.1  bxxix, 1001 pages; c25 cm.  aLegal practice bLaw